| 000 | 01617cam a22004694i 4500 | ||
|---|---|---|---|
| 003 | PE-LiUPU | ||
| 005 | 20250731184604.0 | ||
| 008 | 150616s r 000 0 d | ||
| 035 | _a(Sirsi) a5450 | ||
| 040 |
_aPE-LiUPU _bspa _cPE-LiUPU _erda |
||
| 049 | _aPRUA | ||
| 082 | 0 | 4 |
_a985.43 _bC33 _221 |
| 100 | 1 |
_aCavagnaro Orellana, Luis, _eautor. |
|
| 245 | 1 | 0 |
_aMateriales para la historia de Tacna : _bdominación hispánica (s. XVII) / _cLuis Cavagnaro Orellana. |
| 264 | 1 |
_aTacna : _bFondo Editorial de la Universidad Peruana de Tacna, _c1994. |
|
| 300 |
_a369 páginas : _bilustraciones retratos, fotos, dibjs. ; _c22 cm. |
||
| 336 |
_atext _2rdacontent |
||
| 337 |
_aunmediated _2rdamedia |
||
| 338 |
_avolume _2rdacarrier |
||
| 504 | _aIncluye bibliografía. | ||
| 505 | 0 | _aMateriales para la historia de Tacna: dominación hispánica (s. XVII). | |
| 526 | _aP136 | ||
| 526 | _aP135 | ||
| 526 | _aP134 | ||
| 526 | _aP133 | ||
| 526 | _aP144 | ||
| 526 | _aP143 | ||
| 526 | _aP87 | ||
| 526 | _aP35 | ||
| 526 | _aP20 | ||
| 526 | _aP14 | ||
| 526 | _aP10 | ||
| 526 | _aP06 | ||
| 651 |
_aTacna _xHistoria. |
||
| 910 |
_ajck _bjvq _cjck |
||
| 942 |
_2ddc _cBOOK |
||
| 949 |
_a985.43 C33 _wDEWEY _c1 _i37402 _lCCODEBUL1 _mBUL _p00.00 _r0 _sY _tBOOK _u19950217 _xEDUCACION _PP20 _0COMPRA _o.STAFF. Colección General |
||
| 994 |
_aC0 _bPEPRU |
||
| 596 | _a1 | ||
| 999 |
_a985.43 C33 _wDEWEY _c56480 _i37402 _f2021-11-8 _g4 _lCCODEBUL1 _mBUL _r0 _sY _tBOOK _u2015-6-16 _xBIBLIOTECA _PP20 _0COMPRA _o.STAFF. Colección General _d56480 |
||
| 980 |
_81 _gALBERTO SANCHEZ Responsable de Automatización |
||